书目信息 |
| 题名: |
常用形似字辨析
|
|
| 作者: | 朱盛科 编 | |
| 分册: | ||
| 出版信息: | 广州 广东人民出版社 1982 |
|
| 页数: | 189页 | |
| 开本: | 19cm | |
| 丛书名: | 语文丛书 | |
| 单 册: | ||
| 中图分类: | H124.1 , H123 | |
| 科图分类: | ||
| 主题词: | 汉字-错别字--分析 , 错别字-汉字--分析 | |
| 电子资源: | ||
| ISBN: | ||
| 000 | 00692oam2 2200265 450 | |
| 001 | 1549066629 | |
| 005 | 20150201133801.31 | |
| 010 | @dCNY0.56 | |
| 091 | @a9111.43 | |
| 100 | @a19950704d1982 emky0chiy0110 ea | |
| 101 | 0 | @achi |
| 102 | @aCN@b440000 | |
| 105 | @ay z 000yy | |
| 200 | 1 | @a常用形似字辨析@9chang yong xing si zi bian xi@f朱盛科编 |
| 210 | @a广州@c广东人民出版社@d1982 | |
| 215 | @a189页@d19cm | |
| 225 | 2 | @a语文丛书 |
| 461 | 0 | @12001 @a语文丛书 |
| 606 | 0 | @a汉字-错别字@x分析 |
| 606 | 0 | @a错别字-汉字@x分析 |
| 690 | @aH124.1@v5 | |
| 690 | @aH123@v4 | |
| 701 | 0 | @a朱盛科@9zhu sheng ke@f(1939~)@4编 |
| 801 | 0 | @aCN@bTSSF@c20150201 |
| 905 | @aZUCC@dH123@eJY8 | |
| 常用形似字辨析/朱盛科编.-广州:广东人民出版社,1982 |
| 189页;19cm.-(语文丛书) |
| ISBN :CNY0.56 |
| ● |
| 相关链接 |
|
|
|
|
正题名:常用形似字辨析
索取号:H123/JY8
 
预约/预借
| 序号 | 登录号 | 条形码 | 馆藏地/架位号 | 状态 | 备注 |
| 1 | 7842929 | 278429292 | 学院路分馆/ [索取号:H123/JY8] | 在馆 |